[Event "VI Festival Magistrale"]
[Site "Porto San Giorgio ITA"]
[Date "1994.08.??"]
[Round "?"]
[White "Cristiani, Cesare"]
[Black "Bartolini, Tommaso"]
[WhiteElo "1939"]
[BlackElo "2090"]
[Result "1/2-1/2"]
[PlyCount "72"]
[EventDate "1994.08.20"]

1. d4 Nf6 2. c4 c5 3. d5 b5 4. cxb5 a6 5. e3 g6 6. Nc3 Bg7 7. Nf3 O-O 8. a4 Bb7
9. Ra3 e6 10. e4 exd5 11. exd5 Re8+ 12. Be2 axb5 13. axb5 Rxa3 14. bxa3 Qa5 15.
Qd2 Nxd5 16. Nxd5 Qxd2+ 17. Bxd2 Bxd5 18. Be3 f5 19. Kd2 c4 20. Re1 c3+ 21. Kc2
Be4+ 22. Kb3 d5 23. a4 c2 24. a5 Bxf3 25. gxf3 d4 26. Bc4+ Kf8 27. Kxc2 dxe3
28. fxe3 Bd4 29. e4 Bc5 30. Kb3 fxe4 31. fxe4 Kg7 32. Bd5 Re7 33. Rc1 Be3 34.
Rc8 Nd7 35. b6 Nxb6 36. axb6 36... Bxb6 {...} 1/2-1/2

[Event "VI Festival Magistrale"]
[Site "Porto San Giorgio ITA"]
[Date "1994.08.??"]
[Round "?"]
[White "Giorgadze, Giorgi"]
[Black "Urday Caceres, Henry"]
[Result "1-0"]
[WhiteElo "2565"]
[BlackElo "2470"]
[PlyCount "87"]
[EventDate "1994.08.20"]

1. Nf3 c5 2. c4 Nc6 3. d4 cxd4 4. Nxd4 Nf6 5. Nc3 e6 6. a3 Bc5 7. Nb3 Be7 8. e4
b6 9. Be2 Bb7 10. O-O O-O 11. f4 Rc8 12. Be3 d6 13. Bf3 Qc7 14. Qe2 Rfd8 15. g4
Nd7 16. g5 Bf8 17. Rac1 Ne7 18. Nd2 Qb8 19. Bg2 Qa8 20. Bh3 Re8 21. Nb5 Ng6 22.
f5 Nge5 23. fxe6 fxe6 24. Nd4 Nc5 25. b4 Nxe4 26. N2b3 d5 27. c5 bxc5 28. bxc5
Kh8 29. Nxe6 Rxe6 30. Bxe6 Re8 31. Bh3 Nc4 32. Bd4 Bc8 33. Bxc8 Qxc8 34. Qh5
Ne5 35. c6 Bxa3 36. Rc2 Bd6 37. c7 Ng6 38. Rf7 Be5 39. Bxe5 Nxe5 40. g6 Nxg6
41. Qf5 Nf6 42. Qxc8 Rxc8 43. Nd4 Kg8 44. Nf5 1-0

[Event "VI Festival Magistrale"]
[Site "Porto San Giorgio ITA"]
[Date "1994.08.??"]
[Round "?"]
[White "Sebastianelli, Diego"]
[Black "Sax, Gyula"]
[Result "1/2-1/2"]
[WhiteElo "2209"]
[BlackElo "2530"]
[PlyCount "88"]
[EventDate "1994.08.20"]

1. e4 c5 2. Nf3 e6 3. d4 cxd4 4. Nxd4 a6 5. c4 Nf6 6. Nc3 d6 7. Be2 Qc7 8. Be3
b6 9. O-O Bb7 10. f3 Nbd7 11. Rc1 Rc8 12. Qe1 Be7 13. Qg3 O-O 14. Nd5 Qd8 15.
Nxe7+ Qxe7 16. Rfd1 Ne5 17. Bg5 Ng6 18. Rc3 h6 19. Bxf6 Qxf6 20. Rb3 Nf4 21.
Bf1 b5 22. cxb5 axb5 23. Nxb5 Ba6 24. Qf2 d5 25. g3 Ng6 26. exd5 exd5 27. Qd4
Ne5 28. f4 Ng4 29. Qxf6 Nxf6 30. Nc3 Bxf1 31. Kxf1 Rfe8 32. Nxd5 Nxd5 33. Rxd5
Rc2 34. Re5 Ra8 35. a3 Rxh2 36. Re2 Rh1+ 37. Kg2 Rb1 38. Rd3 h5 39. Rf3 Ra1 40.
Rf1 Ra2 41. Rff2 Rb8 42. Rd2 Rb3 43. Rfe2 Kh7 44. Re5 Kg6 1/2-1/2

[Event "VI Festival Magistrale"]
[Site "Porto San Giorgio ITA"]
[Date "1994.08.??"]
[Round "?"]
[White "Tiviakov, Sergei"]
[Black "Forintos, Gyozo Victor"]
[Result "0-1"]
[WhiteElo "2640"]
[BlackElo "2450"]
[PlyCount "56"]
[EventDate "1994.08.20"]

1. e4 e5 2. Nf3 Nf6 3. d4 Nxe4 4. Bd3 Nc6 5. Bxe4 d5 6. Bxh7 Rxh7 7. dxe5 Bg4
8. Bf4 Qd7 9. Nbd2 Qf5 10. Bg3 O-O-O 11. O-O Bc5 12. a3 Bb6 13. b4 Qh5 14. Re1
Nd4 15. a4 a6 16. Ra3 Nf5 17. Nf1 Nxg3 18. Nxg3 Bxf3 19. Qxf3 Qxh2+ 20. Kf1 g6
21. Rd3 Qh4 22. Rxd5 Qc4+ 23. Rd3 Rxd3 24. Qxd3 Qxb4 25. e6 Qf4 26. Re2 Qxg3
27. Re3 Rh1+ 28. Ke2 Qg4+ 0-1

[Event "VI Festival Magistrale"]
[Site "Porto San Giorgio ITA"]
[Date "1994.08.??"]
[Round "1"]
[White "Ariete, Gerardo"]
[Black "Rago, Riccardo"]
[Result "0-1"]
[WhiteElo "1936"]
[BlackElo "2225"]
[PlyCount "82"]
[EventDate "1994.08.20"]

1. e4 c5 2. Nf3 Nc6 3. d4 cxd4 4. Nxd4 Nf6 5. Nc3 e5 6. Ndb5 d6 7. f3 a6 8. Na3
b5 9. Nd5 Be6 10. c4 b4 11. Nc2 Rb8 12. b3 Be7 13. Bd3 Nd7 14. Be3 O-O 15. O-O
Nc5 16. Qd2 a5 17. Rfd1 Bxd5 18. cxd5 Na7 19. Bc4 Nb5 20. Bxc5 dxc5 21. Bxb5
Rxb5 22. Qd3 Rb6 23. Ne3 Bd6 24. Nc4 Rb7 25. Rac1 Qd7 26. Rc2 Ra8 27. Rdc1 Bb8
28. Kf1 a4 29. Nb2 axb3 30. Rxc5 Bd6 31. axb3 Bxc5 32. Rxc5 Rc7 33. Rxc7 Qxc7
34. Nc4 Qc5 35. Qb1 Qd4 36. Nb2 Ra3 37. Qc1 g6 38. d6 Qxd6 39. Nc4 Qd3+ 40. Kg1
Rxb3 41. Nxe5 Qd4+ 0-1

[Event "VI Festival Magistrale"]
[Site "Porto San Giorgio ITA"]
[Date "1994.08.??"]
[Round "2"]
[White "Rago, Riccardo"]
[Black "Komarov, Dimitri"]
[Result "0-1"]
[WhiteElo "2225"]
[BlackElo "2565"]
[PlyCount "60"]
[EventDate "1994.08.20"]

1. e4 e6 2. d4 d5 3. Nd2 Nf6 4. e5 Nfd7 5. Bd3 c5 6. c3 Nc6 7. Ne2 cxd4 8. cxd4
f6 9. exf6 Nxf6 10. Nf3 Bd6 11. O-O O-O 12. Bg5 Bd7 13. Rc1 Be8 14. Nc3 Bh5 15.
Re1 Qb8 16. Bh4 Bxh2+ 17. Kf1 Nxd4 18. Bxh7+ Nxh7 19. Qxd4 Bxf3 20. gxf3 Rf4
21. Qe3 Rxh4 22. Qxe6+ Kh8 23. Nxd5 Bd6 24. f4 Qf8 25. Kg2 Rh6 26. Qe4 Nf6 27.
Nxf6 Qxf6 28. Rh1 Qxf4 29. Qxb7 Rf8 30. Rc8 Qg5+ 0-1

[Event "VI Festival Magistrale"]
[Site "Porto San Giorgio ITA"]
[Date "1994.08.??"]
[Round "3"]
[White "Agnelli, Francesco"]
[Black "Rago, Riccardo"]
[Result "0-1"]
[WhiteElo "1955"]
[BlackElo "2225"]
[PlyCount "60"]
[EventDate "1994.08.20"]

1. e4 c5 2. Nf3 Nc6 3. d4 cxd4 4. Nxd4 Nf6 5. Nc3 e5 6. Ndb5 d6 7. Bg5 a6 8.
Na3 b5 9. Bxf6 gxf6 10. Nd5 f5 11. Bd3 Be6 12. Qh5 Rg8 13. g3 Nd4 14. Ne3 f4
15. Nf5 Rg5 16. Qxh7 Nxf5 17. exf5 Bd5 18. O-O Qb6 19. c4 Bf3 20. c5 Qxc5 21.
Rac1 Qb6 22. Rc3 fxg3 23. hxg3 Rh5 24. Qxh5 Bxh5 25. Be4 Rd8 26. Bd5 b4 27. Nc4
Qc5 28. Rd3 Be2 29. Rfd1 Bxd1 30. Rxd1 Bh6 0-1

[Event "VI Festival Magistrale"]
[Site "Porto San Giorgio ITA"]
[Date "1994.08.??"]
[Round "4"]
[White "Hoffman, Alejandro S."]
[Black "Novikov, Igor A."]
[WhiteElo "2500"]
[BlackElo "2570"]
[Result "1-0"]
[PlyCount "73"]
[EventDate "1994.08.20"]

1. e4 c5 2. c3 d5 3. exd5 Qxd5 4. d4 Nf6 5. Nf3 e6 6. Be3 cxd4 7. cxd4 Nc6 8.
Nc3 Qd6 9. a3 Be7 10. Bd3 O-O 11. O-O b6 12. Qe2 Bb7 13. Rad1 Rad8 14. Rfe1 Nd5
15. Ne4 Qc7 16. Bb1 h6 17. Bc1 Rfe8 18. Ng3 Bf8 19. h4 g6 20. h5 g5 21. Qc2 f5
22. Nxf5 exf5 23. Rxe8 Rxe8 24. Qxf5 Rd8 25. Bxg5 hxg5 26. Qe6+ Kh8 27. Nxg5
Rd7 28. Qf5 Qd6 29. Nf7+ Rxf7 30. Qxf7 Nf6 31. Qxb7 Nxd4 32. Re1 Ne2+ 33. Kf1
Nf4 34. g3 N4xh5 35. Kg2 Bg7 36. Rh1 Kg8 37. Bg6 1-0

[Event "VI Festival Magistrale"]
[Site "Porto San Giorgio ITA"]
[Date "1994.08.??"]
[Round "4"]
[White "Rago, Riccardo"]
[Black "Sebastianelli, Diego"]
[Result "0-1"]
[WhiteElo "2225"]
[BlackElo "2209"]
[PlyCount "75"]
[EventDate "1994.08.20"]

1. e4 c5 2. Nf3 e6 3. d3 d5 4. Nbd2 Nc6 5. g3 Nf6 6. Bg2 Be7 7. O-O O-O 8. e5
Nd7 9. Re1 b5 10. c3 a5 11. a4 bxa4 12. Qxa4 Qc7 13. Nf1 Ndxe5 14. Nxe5 Nxe5
15. Rxe5 Bd7 16. Qg4 Qxe5 17. Bf4 Qf6 18. h4 Bc6 19. Re1 Qg6 20. Qe2 h6 21. Ne3
Rfe8 22. Ng4 Bb7 23. Bh3 Qh7 24. Ne5 Bf6 25. Ng4 h5 26. Nxf6+ gxf6 27. Bd6 Ba6
28. c4 dxc4 29. dxc4 Rac8 30. Bg2 Qf5 31. Be4 Qg4 32. Qc2 Kg7 33. b3 Red8 34.
Bf4 Rd4 35. Kg2 e5 36. Bf5 Bb7+ 37. Kf1 Qf3 38. Bxc8 0-1

[Event "VI Festival Magistrale"]
[Site "Porto San Giorgio ITA"]
[Date "1994.08.??"]
[Round "5"]
[White "Menoni, Vincenzo"]
[Black "Rago, Riccardo"]
[Result "0-1"]
[WhiteElo "2083"]
[BlackElo "2225"]
[PlyCount "70"]
[EventDate "1994.08.20"]

1. e4 c5 2. Nc3 Nc6 3. g3 g6 4. Bg2 Bg7 5. d3 d6 6. Be3 Bd7 7. Qd2 a6 8. f4 e6
9. Nf3 Nd4 10. O-O Ne7 11. e5 Nef5 12. Ne4 d5 13. Nxc5 Nxe3 14. Qxe3 Nxc2 15.
Qf2 Nxa1 16. Nxb7 Qc7 17. Nd6+ Ke7 18. Rxa1 Rhb8 19. d4 h6 20. g4 Rb6 21. f5
exf5 22. Nh4 Rxd6 23. exd6+ Qxd6 24. gxf5 g5 25. Re1+ Kf8 26. Nf3 Bxf5 27. Ne5
Be6 28. h4 Rc8 29. hxg5 hxg5 30. Qg3 Kg8 31. Qxg5 f6 32. Qg6 fxe5 33. Bh3 Rc6
34. Qe8+ Kh7 35. Re3 e4 0-1

[Event "VI Festival Magistrale"]
[Site "Porto San Giorgio ITA"]
[Date "1994.08.??"]
[Round "6"]
[White "Rago, Riccardo"]
[Black "D'Angelo, Angelo"]
[Result "1/2-1/2"]
[WhiteElo "2225"]
[BlackElo "2069"]
[PlyCount "48"]
[EventDate "1994.08.20"]

1. e4 c5 2. Nf3 d6 3. d4 cxd4 4. Nxd4 Nf6 5. Nc3 a6 6. Be2 e5 7. Nb3 Be7 8. O-O
O-O 9. Be3 Be6 10. f4 Qc7 11. f5 Bc4 12. Nd5 Nxd5 13. exd5 Nd7 14. Bxc4 Qxc4
15. Qd2 Nf6 16. Rad1 Rfc8 17. c3 a5 18. Qd3 Qxd3 19. Rxd3 Kf8 20. h3 Ne4 21.
Kh2 a4 22. Nd2 Nxd2 23. Bxd2 Ke8 24. Re1 Rc4 1/2-1/2

[Event "VI Festival Magistrale"]
[Site "Porto San Giorgio ITA"]
[Date "1994.08.??"]
[Round "7"]
[White "Bevilacqua, Maurizio"]
[Black "Rago, Riccardo"]
[Result "0-1"]
[WhiteElo "1926"]
[BlackElo "2225"]
[PlyCount "62"]
[EventDate "1994.08.20"]

1. d4 Nf6 2. Nf3 g6 3. Bf4 Bg7 4. e3 d6 5. h3 O-O 6. Bd3 c5 7. c3 cxd4 8. exd4
b6 9. Qe2 Bb7 10. Nbd2 Nbd7 11. O-O Re8 12. Rad1 e5 13. dxe5 dxe5 14. Bg5 e4
15. Nxe4 Bxe4 16. Bxe4 Qc7 17. Bxf6 Nxf6 18. Rd4 Rad8 19. Qc2 Rxd4 20. cxd4 Qd6
21. Bd3 Nd5 22. Qa4 Re7 23. Rc1 h6 24. Qc6 Qf4 25. Qc8+ Kh7 26. Rd1 Rc7 27. Qe8
f5 28. Ne5 Ne7 29. Bc4 Bxe5 30. dxe5 Qxc4 31. e6 Qxe6 0-1

[Event "VI Festival Magistrale"]
[Site "Porto San Giorgio ITA"]
[Date "1994.08.??"]
[Round "9"]
[White "Rago, Riccardo"]
[Black "Forintos, Gyozo Victor"]
[Result "0-1"]
[WhiteElo "2225"]
[BlackElo "2450"]
[PlyCount "50"]
[EventDate "1994.08.20"]

1. e4 c5 2. Nf3 e6 3. d3 Nc6 4. g3 Nf6 5. Bg2 d5 6. Nbd2 Be7 7. O-O e5 8. exd5
Nxd5 9. h3 O-O 10. Nc4 f6 11. Nh2 Be6 12. f4 exf4 13. gxf4 Qd7 14. f5 Bf7 15.
Qg4 Kh8 16. Nf3 Qe8 17. Nh4 Bh5 18. Qe4 Rd8 19. c3 Qf7 20. Bd2 Rfe8 21. Rae1
Bf8 22. Ng6+ hxg6 23. Qxe8 Rxe8 24. Bxd5 Qd7 25. Be6 Rxe6 0-1

[Event "VI Festival A"]
[Site "Robecchetto con Induno ITA"]
[Date "1994.12.??"]
[Round "1"]
[White "Amedeo, Riccardo"]
[Black "Gaido, Paolo"]
[WhiteElo "1876"]
[BlackElo "2095"]
[Result "1/2-1/2"]
[PlyCount "48"]
[EventDate "1994.12.27"]

1. e4 d6 2. d4 Nf6 3. Nc3 g6 4. f3 c6 5. Be3 b5 6. a3 a6 7. e5 dxe5 8. dxe5 Nd5
9. Bd4 Nxc3 10. Bxc3 Qxd1+ 11. Rxd1 Bg7 12. Bd3 Bf5 13. Bxf5 gxf5 14. Ne2 c5
15. Nf4 Nc6 16. Nh5 Bxe5 17. Bxe5 Nxe5 18. Ng7+ Kf8 19. Nxf5 e6 20. Nd6 Ke7 21.
Kf2 Rhd8 22. Ne4 Rxd1 23. Rxd1 Rc8 24. b3 f5 1/2-1/2

[Event "VI Festival A"]
[Site "Robecchetto con Induno ITA"]
[Date "1994.12.??"]
[Round "1"]
[White "Bellini, Fabio"]
[Black "Temi, Walter"]
[WhiteElo "2350"]
[BlackElo "2020"]
[Result "1-0"]
[PlyCount "71"]
[EventDate "1994.12.27"]

1. e4 b6 2. d4 Bb7 3. Nc3 e6 4. a3 Nf6 5. Bd3 c5 6. d5 a6 7. Nh3 exd5 8. exd5
d6 9. O-O Be7 10. a4 Nbd7 11. Re1 Ne5 12. Bf1 O-O 13. Bf4 Ng6 14. Bg3 Re8 15.
Nf4 Ne5 16. h3 Qc7 17. Nd3 Ned7 18. Qf3 Bf8 19. Bf4 c4 20. Nb4 Qc5 21. Nc6 Nxd5
22. Qxd5 Bxc6 23. Qxc5 bxc5 24. Rxe8 Rxe8 25. Bxc4 a5 26. Rd1 Nb6 27. Bb5 Bxb5
28. axb5 Rd8 29. Ne4 d5 30. Bc7 Re8 31. Bxb6 dxe4 32. Bc7 c4 33. b6 Bc5 34. Rd5
e3 35. fxe3 Bxe3+ 36. Kf1 1-0

[Event "VI Festival A"]
[Site "Robecchetto con Induno ITA"]
[Date "1994.12.??"]
[Round "1"]
[White "Cazzaniga, Walter"]
[Black "Sgnaolin, Davide"]
[WhiteElo "2180"]
[BlackElo "1925"]
[Result "1/2-1/2"]
[PlyCount "92"]
[EventDate "1994.12.27"]

1. d4 d5 2. c4 e6 3. Nc3 c5 4. cxd5 exd5 5. Nf3 Nc6 6. g3 Nf6 7. Bg2 Be7 8. O-O
O-O 9. b3 Be6 10. Bb2 Re8 11. Rc1 cxd4 12. Nxd4 Nxd4 13. Qxd4 Qa5 14. Rfd1 Rad8
15. Na4 Rc8 16. e3 Red8 17. Bc3 Qa6 18. Bf1 b5 19. Bb4 Qb7 20. Bxe7 Qxe7 21.
Bxb5 Bg4 22. Re1 Qb7 23. Bf1 h5 24. Bg2 Be6 25. Nc5 Qe7 26. h3 a5 27. a3 Kh8
28. b4 axb4 29. axb4 Rb8 30. Rb1 Nd7 31. Nxd7 Qxd7 32. Kh2 Rdc8 33. Rec1 Rc4
34. Qd2 h4 35. g4 Qd6+ 36. Kg1 Rcxb4 37. Rxb4 Qxb4 38. Qxb4 Rxb4 39. Rd1 Rb5
40. g5 Kh7 41. Rd4 Kg6 42. Rxh4 Kxg5 43. Rd4 Rc5 44. Kh2 Ra5 45. Kg3 Rc5 46.
h4+ Kf6 1/2-1/2

[Event "VI Festival A"]
[Site "Robecchetto con Induno ITA"]
[Date "1994.12.??"]
[Round "1"]
[White "Dallaglio, Giovanni"]
[Black "Bozzi, Gianni"]
[WhiteElo "2019"]
[BlackElo "2305"]
[Result "0-1"]
[PlyCount "138"]
[EventDate "1994.12.27"]

1. d4 Nf6 2. c4 d6 3. Nf3 Nbd7 4. Nc3 e5 5. g3 Be7 6. Bg2 O-O 7. O-O c6 8. b3
Re8 9. h3 Bf8 10. Qc2 g6 11. Bg5 h6 12. Be3 Bg7 13. Rad1 Qe7 14. Nd2 Nf8 15.
dxe5 dxe5 16. Nde4 Nxe4 17. Nxe4 Bf5 18. g4 Bxe4 19. Bxe4 Ne6 20. Rd2 Nd4 21.
Bxd4 exd4 22. Bf3 Qg5 23. Rd3 Be5 24. Qd2 Qh4 25. Bg2 Re7 26. f4 Bg7 27. e4
dxe3 28. Rxe3 Rxe3 29. Qxe3 Rd8 30. Kh2 Bd4 31. Qe2 Qf6 32. Kh1 Kg7 33. Be4 Bc3
34. Rd1 Rxd1+ 35. Qxd1 Qxf4 36. Qe2 Be5 37. Bc2 Qg3 38. Qg2 Qe1+ 39. Qg1 Qd2
40. Bd1 Qxa2 41. Qg2 Qa1 42. Qc2 Qa5 43. Qe2 Qc3 44. Qf3 Qe1+ 45. Kg2 Bd4 46.
Qf1 Qe3 47. Kh1 a5 48. Bc2 b5 49. cxb5 cxb5 50. Bd3 a4 51. bxa4 bxa4 52. Bc4
Qe4+ 53. Qg2 Qf4 54. Qf1 Qe4+ 55. Qg2 Qb1+ 56. Qf1 Qb7+ 57. Qg2 Qa7 58. Qe2 a3
59. Bd5 Bb2 60. Ba2 Qc7 61. Qc4 Qxc4 62. Bxc4 f5 63. gxf5 gxf5 64. Kg2 Kf6 65.
Kf3 Ke5 66. Ba2 Bc1 67. Ke2 f4 68. Kd1 Be3 69. Ke2 Kd4 0-1

[Event "VI Festival A"]
[Site "Robecchetto con Induno ITA"]
[Date "1994.12.??"]
[Round "1"]
[White "Ferretti, Folco"]
[Black "Battistella, Stefano"]
[WhiteElo "2285"]
[BlackElo "2009"]
[Result "1-0"]
[PlyCount "75"]
[EventDate "1994.12.27"]

1. e4 Nf6 2. e5 Nd5 3. d4 d6 4. c4 Nb6 5. exd6 cxd6 6. Nc3 g6 7. Bd3 Bg7 8.
Nge2 Nc6 9. Be3 O-O 10. O-O d5 11. c5 Nc4 12. Bxc4 dxc4 13. Qa4 Na5 14. d5 Bd7
15. Qa3 Bf5 16. Rad1 b5 17. Nxb5 Rb8 18. Ned4 c3 19. bxc3 Nc4 20. Qa6 Qxd5 21.
Nc6 Qe4 22. Bg5 Qg4 23. Bxe7 Rfe8 24. Nxb8 Ne5 25. Nd4 Rxe7 26. f3 Qf4 27. Nxf5
gxf5 28. Nc6 Qe3+ 29. Kh1 Nxc6 30. Qxc6 Bxc3 31. Qc8+ Kg7 32. Qxf5 Re5 33. Qg4+
Rg5 34. Qe4 Qxc5 35. f4 Rh5 36. Rd3 Qb5 37. Rg3+ Kf6 38. Rc1 1-0

[Event "VI Festival A"]
[Site "Robecchetto con Induno ITA"]
[Date "1994.12.??"]
[Round "1"]
[White "Piantoni, Roberto"]
[Black "Zurla, Mirko"]
[WhiteElo "1986"]
[BlackElo "2220"]
[Result "0-1"]
[PlyCount "132"]
[EventDate "1994.12.27"]

1. d4 d5 2. Nf3 Nf6 3. e3 Bf5 4. c4 c6 5. cxd5 Nxd5 6. Nc3 Nb4 7. e4 Bg4 8. Qb3
e6 9. a3 Bxf3 10. gxf3 N4a6 11. Qxb7 Nc7 12. Bf4 Bd6 13. Bxd6 Qxd6 14. Qc8+ Qd8
15. Qxd8+ Kxd8 16. Be2 Ke7 17. O-O Nd7 18. Rfd1 Rhb8 19. Rd2 Nb5 20. Rc1 Nxc3
21. Rxc3 Rb6 22. Rdc2 Kd6 23. f4 a5 24. e5+ Kc7 25. Rxc6+ Rxc6 26. Rxc6+ Kxc6
27. Bf3+ Kb5 28. Bxa8 Kc4 29. Be4 g6 30. Bc2 Kxd4 31. b4 axb4 32. axb4 Nb6 33.
Kg2 Nd5 34. Kg3 Nxb4 35. Ba4 Ke4 36. h4 h6 37. Bd1 h5 38. Bf3+ Kd3 39. Bg2 Nd5
40. Bf1+ Kd4 41. Bg2 Ne7 42. Kh3 Kd3 43. Bf3 Kd2 44. Be4 Ke2 45. Kg2 Nd5 46.
Kg3 Kf1 47. Kf3 Kg1 48. Kg3 Ne7 49. f3 Nf5+ 50. Kh3 Kf2 51. Bc6 Nd4 52. Be8 Ne2
53. Bxf7 Nxf4+ 54. Kh2 Kxf3 55. Be8 Kg4 56. Bd7 Kxh4 57. Ba4 Kg5 58. Bb3 Kf5
59. Bc2+ Kxe5 60. Bb1 g5 61. Bc2 h4 62. Bd1 Ke4 63. Bg4 Ke3 64. Kg1 e5 65. Kh2
Kf2 66. Kh1 e4 0-1

[Event "VI Festival A"]
[Site "Robecchetto con Induno ITA"]
[Date "1994.12.??"]
[Round "2"]
[White "Bozzi, Gianni"]
[Black "Zurla, Mirko"]
[WhiteElo "2305"]
[BlackElo "2220"]
[Result "1/2-1/2"]
[PlyCount "73"]
[EventDate "1994.12.27"]

1. d4 d5 2. e3 c6 3. f4 Nf6 4. Nf3 Bg4 5. Be2 e6 6. O-O Nbd7 7. b3 Ne4 8. Bb2
Ndf6 9. c4 Bxf3 10. Bxf3 Be7 11. Nd2 Qa5 12. Nxe4 dxe4 13. Be2 O-O 14. g4 Nd7
15. Kh1 f5 16. Rg1 Ba3 17. Bxa3 Qxa3 18. d5 Rad8 19. dxe6 Nf6 20. Qc2 fxg4 21.
c5 Rfe8 22. Rad1 Qa5 23. f5 Rd5 24. Rxd5 Nxd5 25. Qxe4 Qxc5 26. Qxg4 Re7 27. e4
Nf6 28. Rd1 Qe5 29. Rd8+ Re8 30. Rxe8+ Nxe8 31. Qf3 Nf6 32. Kg2 Qxe4 33. Qxe4
Nxe4 34. Kf3 Nf6 35. Kf4 Kf8 36. Ke5 Ke7 37. Bf3 1/2-1/2

[Event "VI Festival A"]
[Site "Robecchetto con Induno ITA"]
[Date "1994.12.??"]
[Round "2"]
[White "Nurkic, Sahbaz"]
[Black "Ferretti, Folco"]
[WhiteElo "2415"]
[BlackElo "2285"]
[Result "1-0"]
[PlyCount "69"]
[EventDate "1994.12.27"]

1. e4 e5 2. Nf3 Nc6 3. Bb5 a6 4. Ba4 d6 5. Bxc6+ bxc6 6. d4 f6 7. O-O g6 8. Qe2
Nh6 9. dxe5 fxe5 10. Qc4 Qd7 11. Ng5 d5 12. Qb3 Be7 13. Nf3 Nf7 14. Re1 Qd6 15.
exd5 cxd5 16. Nxe5 Nxe5 17. Bf4 O-O 18. Bxe5 Qc5 19. Bg3 Bf5 20. Nc3 c6 21. Na4
Qa7 22. c4 d4 23. c5+ Rf7 24. Nb6 Rd8 25. Nc4 Rd5 26. Ne5 Rxe5 27. Rxe5 Bxc5
28. Re8+ Bf8 29. Bd6 Kg7 30. Qg3 Bxd6 31. Qxd6 Qd7 32. Qe5+ Kh6 33. h3 d3 34.
g4 d2 35. Rd1 1-0

[Event "VI Festival A"]
[Site "Robecchetto con Induno ITA"]
[Date "1994.12.??"]
[Round "2"]
[White "Pagnoncelli, Marco"]
[Black "Amedeo, Riccardo"]
[WhiteElo "1900"]
[BlackElo "1876"]
[Result "1-0"]
[PlyCount "47"]
[EventDate "1994.12.27"]

1. e4 c5 2. Nf3 d6 3. d4 cxd4 4. Nxd4 Nf6 5. Nc3 e6 6. Be2 a6 7. a4 Be7 8. O-O
O-O 9. Be3 b6 10. f4 Qc7 11. Bf3 Nfd7 12. f5 Ne5 13. Qe1 Nxf3+ 14. Rxf3 Nc6 15.
f6 Bxf6 16. Rxf6 gxf6 17. Bh6 Ne5 18. Qh4 Qd8 19. Nc6 Ng6 20. Qf2 f5 21. Nxd8
Rxd8 22. exf5 exf5 23. Qd4 Ne5 24. Qh4 1-0

[Event "VI Festival A"]
[Site "Robecchetto con Induno ITA"]
[Date "1994.12.??"]
[Round "2"]
[White "Rossi, Giampiero"]
[Black "Dallaglio, Giovanni"]
[WhiteElo "2205"]
[BlackElo "2019"]
[Result "1/2-1/2"]
[PlyCount "178"]
[EventDate "1994.12.27"]

1. d4 c5 2. dxc5 Na6 3. c4 Nxc5 4. Nc3 Nf6 5. f3 d6 6. e4 g6 7. Be3 b6 8. Nge2
Bg7 9. Nd4 Bb7 10. Be2 O-O 11. O-O Nfd7 12. Qd2 Ne6 13. Nxe6 fxe6 14. Rac1 Rc8
15. Rfd1 Qc7 16. b3 Bc6 17. Nd5 Qd8 18. Nf4 Rf6 19. Nd3 Rf8 20. Bf1 Qe8 21. Nf4
Qf7 22. Ne2 Kh8 23. Nd4 Bxd4 24. Bxd4+ e5 25. Be3 Nc5 26. Be2 Ne6 27. g3 Qf6
28. Rf1 Nd4 29. Bxd4 exd4 30. Rcd1 e5 31. Bd3 g5 32. Rde1 Rc7 33. Rf2 Rg7 34.
Bf1 Bd7 35. Bg2 h5 36. Rd1 h4 37. g4 Rc8 38. h3 Be8 39. Bf1 Rgc7 40. Bd3 Bf7
41. Rff1 Kg7 42. Kg2 Kh6 43. Rf2 a5 44. a4 Be8 45. Rb1 Bf7 46. Rbf1 Be6 47. Rb1
Rf7 48. Rbf1 Qe7 49. Rb1 Qd7 50. Rff1 Rf4 51. Be2 Qc6 52. Bd3 Qb7 53. Rbd1 Qf7
54. Be2 Rf8 55. Qd3 Rc8 56. Rb1 Qb7 57. Rbd1 Bd7 58. Rb1 Bc6 59. Rbd1 Rcf8 60.
Qd2 Bd7 61. Qd3 Be6 62. Rb1 Rc8 63. Rbd1 Rc5 64. Rb1 Rf8 65. Qd2 Ra8 66. Ra1
Rc7 67. Bd3 Qc8 68. Qe2 Qf8 69. Qd2 Qf7 70. Rf2 Qf4 71. Qxf4 gxf4 72. Rff1 Kg5
73. Rf2 Kf6 74. Rfa2 Ke7 75. Kf2 Kd7 76. Ke2 Kc6 77. Kd2 Kc5 78. Kc2 Kb4 79.
Kb2 Bf7 80. Rg1 Rac8 81. Raa1 Bg6 82. Rac1 Bf7 83. Ra1 Bg6 84. Rgd1 Bf7 85.
Rdc1 Be6 86. Rd1 Rg8 87. Rg1 Rgc8 88. Rgd1 Rg8 89. Rg1 Rgc8 1/2-1/2

[Event "VI Festival A"]
[Site "Robecchetto con Induno ITA"]
[Date "1994.12.??"]
[Round "2"]
[White "Sgnaolin, Davide"]
[Black "Coppini, Giorgio"]
[WhiteElo "1925"]
[BlackElo "2250"]
[Result "0-1"]
[PlyCount "121"]
[EventDate "1994.12.27"]

1. e4 d6 2. d4 Nf6 3. Nc3 g6 4. Nf3 Bg7 5. Be2 O-O 6. O-O Bg4 7. Be3 Nc6 8. d5
Nb8 9. Nd4 Bxe2 10. Qxe2 c5 11. dxc6 Nxc6 12. Rfd1 Qa5 13. Nxc6 bxc6 14. Qc4
Rab8 15. Rab1 Ng4 16. Bf4 Be5 17. Bxe5 Qxe5 18. g3 Qh5 19. h4 g5 20. Kg2 Ne5
21. Qe2 g4 22. Qe3 f5 23. Ne2 fxe4 24. Qxe4 Qf7 25. Nf4 Nc4 26. Qe6 Qxe6 27.
Nxe6 Rf6 28. Nd4 Rbf8 29. Rf1 Nd2 30. Rbd1 Nxf1 31. Rxf1 d5 32. Nb3 Kf7 33. Nc5
Ke8 34. Nd3 Rf5 35. Re1 h5 36. Re2 R8f6 37. c3 e6 38. Ne5 c5 39. Nc6 Kd7 40.
Nxa7 e5 41. Nb5 d4 42. Rd2 Ra6 43. b3 Kc6 44. c4 Ra8 45. Kf1 Raf8 46. Kg2 e4
47. Re2 Rf3 48. Na7+ Kb6 49. Nb5 R8f6 50. Kg1 e3 51. fxe3 Rxg3+ 52. Kh1 Rh3+
53. Kg2 Rxe3 54. Rd2 Rfe6 55. Kg1 Re2 56. Rd3 Rxa2 57. Kf1 Rf6+ 58. Kg1 Rf3 59.
Rxf3 gxf3 60. Nd6 d3 61. Ne4 0-1

[Event "VI Festival A"]
[Site "Robecchetto con Induno ITA"]
[Date "1994.12.??"]
[Round "2"]
[White "Temi, Walter"]
[Black "Piantoni, Roberto"]
[WhiteElo "2020"]
[BlackElo "1986"]
[Result "0-1"]
[PlyCount "52"]
[EventDate "1994.12.27"]

1. e4 e6 2. d4 d5 3. e5 c5 4. c3 Ne7 5. Nf3 Nec6 6. Bd3 Nd7 7. O-O Qb6 8. Bc2
Be7 9. Re1 O-O 10. Qd3 g6 11. a3 c4 12. Qe2 f6 13. exf6 Nxf6 14. Nbd2 Bd7 15.
Nf1 e5 16. Nxe5 Nxe5 17. dxe5 Ng4 18. Be3 Bc5 19. Bxc5 Qxc5 20. Ne3 Rxf2 21.
Qxg4 Bxg4 22. Kxf2 Be6 23. Rad1 Qb6 24. Rb1 Rd8 25. Kg3 d4 26. cxd4 Qxd4 0-1

[Event "VI Festival A"]
[Site "Robecchetto con Induno ITA"]
[Date "1994.12.??"]
[Round "2"]
[White "Vujovic, Milorad"]
[Black "Bellini, Fabio"]
[WhiteElo "2270"]
[BlackElo "2350"]
[Result "1/2-1/2"]
[PlyCount "107"]
[EventDate "1994.12.27"]

1. e4 e5 2. Nf3 Nc6 3. Bb5 Nf6 4. Qe2 d6 5. d4 a6 6. Bxc6+ bxc6 7. dxe5 dxe5 8.
O-O Bd6 9. Nbd2 O-O 10. Nc4 a5 11. Bg5 h6 12. Bh4 Ba6 13. Rfd1 Qe7 14. Nfd2 Qe6
15. b3 Bb4 16. Qf3 a4 17. c3 Be7 18. Ne3 Rfd8 19. Ndc4 Rxd1+ 20. Rxd1 axb3 21.
axb3 Rb8 22. Na5 g6 23. h3 Rd8 24. Rxd8+ Bxd8 25. Ng4 Kg7 26. Bxf6+ Bxf6 27.
Qxf6+ Qxf6 28. Nxf6 Kxf6 29. Nxc6 Bb7 30. Na7 Bxe4 31. Nb5 c6 32. Nd6 Bc2 33.
b4 Ke6 34. Nc4 Bd3 35. Nb2 Bc2 36. c4 e4 37. Kf1 Bb3 38. Ke2 Ke5 39. Ke3 f5 40.
f4+ exf3 41. gxf3 g5 42. Nd3+ Kd6 43. Kd4 Bd1 44. Ne5 Be2 45. c5+ Ke6 46. Nxc6
Bxf3 47. Ne5 Be2 48. Nc6 f4 49. Ke4 Bf1 50. Nd4+ Kd7 51. h4 Bg2+ 52. Kf5 f3 53.
Nxf3 Bxf3 54. hxg5 1/2-1/2